Jednoduché účetnictví pro podnikatele 1999 : [zahrnuje změny od ledna 1999] /

Main Author: Linhart, Jan
Language: Czech
Published: Praha : Grada, 1999
Edition: Vyd. 1.
Physical Description: 96 s. ; 23 cm
Book
Saved in:
LEADER 01106nam a2200325 a 4500
001 000385187
003 CZ BrMZK
005 20190808071944.0
007 ta
008 010907s1999 xr e fl cze d
020 |a 80-7169-780-X 
040 |a BOA001  |b cze 
043 |a e-xr--- 
080 |a 657.11  |2 MRF 
080 |a (437.3)  |2 MRF 
080 |a (035)  |2 MRF 
080 |a (094.5)  |2 MRF 
100 1 |a Linhart, Jan  |7 jn20010310466  |4 aut 
245 1 0 |a Jednoduché účetnictví pro podnikatele 1999 :  |b [zahrnuje změny od ledna 1999] /  |c Jan Linhart 
250 |a Vyd. 1. 
260 |a Praha :  |b Grada,  |c 1999 
300 |a 96 s. ;  |c 23 cm 
650 0 7 |a jednoduché účetnictví  |7 ph114822  |z Česko  |2 czenas 
655 7 |a příručky  |7 fd133209  |2 czenas 
655 7 |a právní předpisy  |7 fd133151  |2 czenas 
910 |a BOA001  |b 2-1054.007  |b TK-0264.559 
920 |a 000382182 
990 |a BK 
996 6 |b 2610084271  |c 2-1054.007  |l MZK  |r Sklad / do 1 hodiny  |n 18  |p p.v.  |w 000385187  |u 000010  |a 1  |e BOA001  |j MZK50  |s P 
996 7 |b 2620013554  |c TK-0264.559  |l MZK  |r Sklad / do 24 hodin  |n 16  |p kup  |w 000385187  |u 000020  |a 1  |e BOA001  |j MZK50  |s A